01459 a2200265 4500003000500000005001700005010001600022020001500038040000900053082001200062245008900074260009100163300002700254505042100281538002900702651004700731651003600778700002300814740004300837856008900880856009000969942001201059999001901071952010301090Nust20170207153424.0 a 93033963 a0312103697 cNust00a355.03304aThe American military in the twenty-first century /cBarry M. Blechman ... [et al.]. aNew York :bSt. Martin's Press in association with the Henry L. Stimson Center,c1993. axxvi, 498 p. ;c22 cm. aLeaving Key West (Page-1), US Interests and Military Power (Page-55), Boundaries of Choice Domestic Constraints on Decisions Affecting The Armed Forces (Page-105), Military Technology Options for the Future (Page-143), Future Need for US Contingency Forces (Page-267), Heading Against Future Threats (Page-343), Forces for Peacekeeping , Pace Enforcement and Humanitarian Mission (Page-397), Conclusion (Page-431), aAlmirah No.53 Shelf No.5 0aUnited StatesxArmed ForcesxOrganization. 0aUnited StatesxMilitary policy.1 aBlechman, Barry M.0 aAmerican military in the 21st century.423Publisher descriptionuhttp://www.loc.gov/catdir/enhancements/fy0601/93033963-d.html423Table of contents onlyuhttp://www.loc.gov/catdir/enhancements/fy0601/93033963-t.html 2ddccBK c185827d185827 00102ddc40708NFICaMCSbMCSd2016-12-12l0o355.033 BLEpMCS27426r2016-12-08w2016-12-12yBK